Na kolech vzhůru k hradům /

Hlavní autor: Smolík, Karel
Jazyk: Čeština
Vydáno: [Velká Bíteš] : Informační centrum a Klub kultury Města Velké Bíteše, 2016
Edice: Průvodce Bítešskem
Témata:
Fyzický popis: 14 stran : ilustrace ; 21 cm
Knihy
Uloženo v:
LEADER 01778nam a2200481 i 4500
001 nkc20172884431
003 CZ PrNK
005 20170731125743.0
007 ta
008 170315s2016 xr a e f 000 0 cze
020 |a 978-80-270-1481-1  |q (v knize neuvedeno ;  |q brožováno) 
040 |a ABA001  |b cze  |e rda 
043 |a e-xr---  |b e-xr-vy  |2 czenas 
072 7 |a 908(437)  |x Vlastivěda Česka a Slovenska  |2 Konspekt  |9 8 
080 |a 796.61  |2 MRF 
080 |a 728.81  |2 MRF 
080 |a 908(437.324)  |2 MRF 
080 |a (036)  |2 MRF 
100 1 |a Smolík, Karel  |7 jo2014847762  |4 aut  |4 pht 
245 1 0 |a Na kolech vzhůru k hradům /  |c autor: Karel Smolík 
264 1 |a [Velká Bíteš] :  |b Informační centrum a Klub kultury Města Velké Bíteše,  |c 2016 
300 |a 14 stran :  |b ilustrace ;  |c 21 cm 
336 |a text  |b txt  |2 rdacontent 
337 |a bez média  |b n  |2 rdamedia 
338 |a svazek  |b nc  |2 rdacarrier 
490 1 |a Průvodce Bítešskem ;  |v svazek IV 
500 |a Název z obálky 
500 |a 2400 výtisků 
650 0 7 |a cykloturistika  |7 ph114274  |z Česko  |2 czenas 
650 0 7 |a hrady  |7 ph120854  |z Česko  |2 czenas 
650 0 9 |a bicycle touring  |z Czechia  |2 eczenas 
650 0 9 |a castles  |z Czechia  |2 eczenas 
651 7 |a Velká Bíteš (Česko : oblast)  |7 ge289548  |x vlastivěda  |2 czenas 
651 9 |a Velká Bíteš Region (Czechia)  |x description and travel  |2 eczenas 
655 7 |a informační publikace  |7 fd132454  |2 czenas 
655 9 |a information publications  |2 eczenas 
830 0 |a Průvodce Bítešskem  |0 s 
910 2 |a BOA001  |b 2-1392.117 
928 9 |a Klub kultury města Velké Bíteše 
990 |a BK 
995 |a 11 
991 |b 201707  |c NOV 
996 6 |b 2610713568  |c 2-1392.117  |l MZK  |r Sklad / do 1 hodiny  |n 0  |p p.v.  |w 001620135  |u 000010  |a 1  |e BOA001  |j MZK50  |s P